000 01010nam a22003017a 4500
003 URS
005 20220117100011.0
008 191216b ||||| |||| 00| 0 eng d
020 _a9786218035485
040 _aURS
_bEnglish
_cURS
_dURS
_erda
050 0 0 _aBF721
_b.C436c 2018
245 _aThe Child and adolescent learners and learning principles /
_cBrenda B. Corpuz...[and three others].
260 _aQuezon City :
_bLorimar Publishing, Incorporated,
_c©2018.
300 _a376 pages :
_billustrations ;
_c25 cm.
336 _atext
_btxt
_2rdacontent
337 _aunmediated
_bn
_2rdamedia
338 _avolume
_bnc
_2rdacarrier
504 _aIncludes bibliographical references.
650 0 _aChild development.
650 0 _aChild psychology.
650 0 _aAdolescent psychology.
650 0 _aAdolescence.
700 _aCorpuz, Brenda B.
_eauthor.
700 _aLucas, Ma. Rita D.
_eauthor.
700 _aBorado, Heidi Grace L.
_eauthor.
700 _aLucido, Paz I.
_eauthor.
942 _2lcc
_cF
999 _c10603
_d10603